Тектонофациальный анализ и его роль в геологии, геофизике и металлогении: материалы I Всесоюзного тектонофациального совещания, 21-23 марта 1989 г., Алма-Ата

Dettagli Bibliografici
Enti autori: Тектонофациальный анализ и его роль в геологии, геофизике и металлогении, Академия наук Казахской ССР (АН КазССР) Институт геологических наук им. К. И. Сатпаева (ИГН)
Altri autori: Паталаха Е. И. (редактор)
Lingua:russo
Pubblicazione: Алма-Ата, Гылым, 1991
Soggetti:
Natura: MixedMaterials Libro
KOHA link:https://koha.lib.tpu.ru/cgi-bin/koha/opac-detail.pl?biblionumber=203847

MARC

LEADER 00000nam0a2200000 4500
001 203847
005 20231031185922.0
010 |a 5628007188 
020 |a RU  |b 91-29505 
035 |a (RuTPU)RU\TPU\book\222170 
090 |a 203847 
100 |a 20111112d1991 k a0rusy5003 ca 
101 0 |a rus 
102 |a KZ 
105 |a a z 101zy 
200 1 |a Тектонофациальный анализ и его роль в геологии, геофизике и металлогении  |e материалы I Всесоюзного тектонофациального совещания, 21-23 марта 1989 г., Алма-Ата  |f Академия наук Казахской ССР (АН КазССР), Институт геологических наук им. К. И. Сатпаева (ИГН) ; под ред. Е. И. Паталахова 
210 |a Алма-Ата  |c Гылым  |d 1991 
215 |a 221,[1] с.  |c ил.  |d 22 см 
320 |a Библиогр. в конце докл. 
610 1 |a тектоника 
610 1 |a фации 
610 1 |a анализ 
610 1 |a геология 
610 1 |a геофизика 
610 1 |a металлогения 
610 1 |a совещания 
610 1 |a картирование 
675 |a 551.24(082)  |z rus 
702 1 |a Паталаха  |b Е. И.  |4 340 
712 1 2 |a Тектонофациальный анализ и его роль в геологии, геофизике и металлогении  |c совещание  |d 1  |e Алма-Ата  |f 1989 
712 0 2 |a Академия наук Казахской ССР (АН КазССР)  |b Институт геологических наук им. К. И. Сатпаева (ИГН)  |c (Алма-Ата)  |2 stltpush  |3 (RuTPU)RU\TPU\col\5163 
801 0 |a RU  |b RuMRKP  |c 19950417  |g psbo 
801 1 |a RU  |b 63413507  |c 20111112 
801 2 |a RU  |b 63413507  |c 20111116  |g RCR 
942 |c BK